000 00546nam a2200181Ia 4500
005 20250326125201.0
008 250326s9999 xx 000 0 und d
037 _aTextbook
040 _aFMSL
_beng
_cFMSL
041 _aeng
_2eng
084 _aX()Y31:77.44 K2
_qFMSL
100 _aKrishnamachari V T
245 0 _aCommunity development in India
_cKrishnamachari V T
260 _aDelhi
_bDelhi, Ministry Of Information And Broadcasting
_c1962
300 _a192p
942 _cTB
_hX()Y31:77.44 K2
999 _c1276903
_d1276903